Địa lý kinh tế Việt Nam /
Đối tượng nghiên cứu của địa lý kinh tế Việt Nam; Việt Nam trong tổng thể kinh tế thế giới và khu vực Đông Nam Á; Tài nguyên môi trường thiên nhiên Việt Nam và kinh tế; Dân cư và các nguồn lao động Việt Nam; Lý luận cơ bản về tổ chức lãnh thổ; Hệ thống lãnh thổ kinh tế xã hội Việt Nam; Tổ chức lãnh...
Saved in:
| Main Author: | |
|---|---|
| Format: | Book |
| Language: | Vietnamese |
| Published: |
Hà Nội :
Thống kê,
2003.
|
| Subjects: | |
| Tags: |
Add Tag
No Tags, Be the first to tag this record!
|
| Institutions: | Mạng thư viện Đại học Đà Nẵng |
|---|
| LEADER | 01665cam a2200373 a 4500 | ||
|---|---|---|---|
| 001 | 000044089 | ||
| 003 | 2304 | ||
| 005 | 20060320085307.0 | ||
| 008 | 010217b2003 vm 000 vie | ||
| 020 | |c 35000 | ||
| 040 | |a LRC |c LRC |d LRC | ||
| 041 | 0 | |a vie | |
| 082 | 1 | 4 | |a 910.1330597 |b VĂ-T |
| 100 | 1 | |a Văn Thái. | |
| 245 | 1 | 0 | |a Địa lý kinh tế Việt Nam / |c Văn Thái. |
| 260 | |a Hà Nội : |b Thống kê, |c 2003. | ||
| 300 | |a 259 tr. ; |c 26.5 cm. | ||
| 520 | 3 | |a Đối tượng nghiên cứu của địa lý kinh tế Việt Nam; Việt Nam trong tổng thể kinh tế thế giới và khu vực Đông Nam Á; Tài nguyên môi trường thiên nhiên Việt Nam và kinh tế; Dân cư và các nguồn lao động Việt Nam; Lý luận cơ bản về tổ chức lãnh thổ; Hệ thống lãnh thổ kinh tế xã hội Việt Nam; Tổ chức lãnh thổ nông lâm ngư nghiệp Việt Nam; Tổ chức lãnh thổ công nghiệp Việt Nam; Tổ chức lãnh thổ dịch vụ Việt Nam. | |
| 630 | 0 | 4 | |a Địa lý. |
| 630 | 0 | 4 | |a Kinh tế. |
| 630 | 0 | 4 | |a Địa lý kinh tế. |
| 650 | 0 | 4 | |a Địa lý kinh tế |z Việt Nam. |
| OWN | |a DUT | ||
| AVA | |a UDN50 |b DUT |c Book |d 910.1330597 VĂ-T |e available |t Error 5001 Not defined in file expand_doc_bib_avail. |f 5 |g 0 |h N |i 0 |j SH |k 1 | ||
| 999 | |a From the UDN01 | ||
| AVA | |a UDN50 |b DUT |c Book |d 910.1330597 VĂ-T |e available |t Error 5001 Not defined in file expand_doc_bib_avail. |f 5 |g 0 |h N |i 0 |j SH |k 1 | ||
| TYP | |a Monograph | ||
| TYP | |a Printed language | ||
| 980 | |a Mạng thư viện Đại học Đà Nẵng | ||